| 000 | 00778cab a22002295a 4500 | ||
|---|---|---|---|
| 001 | L140770 | ||
| 008 | 071009e20071006xxkdo f s 000 0 eng d | ||
| 035 | _a(Sirsi) u140770 | ||
| 041 | 0 | _aeng | |
| 100 | 1 | _aCavanagh, Elaine | |
| 245 | 0 | 0 | _aM25 South West |
| 260 | _c2007 | ||
| 490 | 0 |
_aEstates Gazette _v(0740) 6 October 2007, 195-209(7) |
|
| 520 | _aReports on plans to further develop Kingston shopping centre. Analyses trends in office rental returns. Discusses whether the increasing availability of sheds at Heathrow airport will lead to oversupply. | ||
| 590 | _aka | ||
| 651 | 4 | _aLondon | |
| 690 | _aPROPERTY-COMMERCIAL PROPERTY-COMMERCIAL PROPERTY MARKET | ||
| 700 | 1 | _aTaylor, Andrew | |
| 700 | 1 | _aCunningham, Daniel | |
| 700 | 1 | _aJack, Simon | |
| 942 | _n0 | ||
| 999 |
_c79344 _d79344 |
||